000 00863nam a22003017a 4500
003 OSt
005 20230712104429.0
008 221006b |||||||| |||| 00| 0 eng d
040 _cBiblioteca Lado V
082 _a700
_bM232r
100 _9887
_aMaizels, John
_eeditor
245 _aRawvision/
260 _c2004
_bRaw Vision Ltd.
_aReino Unido
300 _c21x30cm
_a76p.
490 _v2004
_a47
_x0955-1182
505 _aRaw News
505 _aScottie Wilson
505 _aGavin Bennet
505 _aArthur Bispo do Rosario
505 _aArt Behind Bars
505 _aElizabeth Layton
505 _aRaw Classics
505 _aReviews
650 _2Tesauro de Arte & Arquitectura
_aOUTSIDER ART
650 _2Tesauro de Arte & Arquitectura
_aART BRUT
651 _2CONTEMPORARY FOLK ART
942 _2ddc
_c1
_h700
_iM232r
_n0
999 _c4028
_d4028